| Поле | Инд. | ПП | Название | Значение |
|---|---|---|---|---|
| Тип записи | a | |||
| Библиографический уровень | m | |||
| 001 | Контрольный номер | cf07ad20-50bf-4b72-885e-ec2d38acca42 | ||
| 005 | Дата корректировки | 20220706102826.7 | ||
| 008 | Кодируемые данные | 060226 | ||
| 020 | a | ISBN | 5-85593-145-5 | |
| 040 | a | Служба первич. каталог. | НБ ТвГУ | |
| 041 | 0_ | a | Код языка текста | rus |
| 080 | a | Индекс УДК | 161/162 | |
| 084 | a | Индекс другой классификации/Индекс ББК | Ю4 | |
| 090 | x | Авторский знак | В 20 | |
| a | Полочн. индекс | Ю4 | ||
| 100 | 1_ | a | Автор | Васюков Владимир Леонидович |
| e | Роль лиц | Автор | ||
| 245 | 00 | a | Заглавие | Категорная логика |
| c | Ответственность | В. Л. Васюков ; Российская академия наук, институт философии | ||
| 260 | 0_ | a | Место издания | Москва |
| b | Издательство | АНО Институт логики | ||
| c | Дата издания | 2005 | ||
| 300 | a | Объем | 194 с. | |
| b | Иллюстрации/ тип воспроизводства | табл. | ||
| 504 | a | Библиография | Библиогр.: с. 185-190. - Предм. указ.: с. 191-194 | |
| 653 | 0_ | a | Ключевые слова | Логика |
| a | Ключевые слова | Дедукция | ||
| a | Ключевые слова | Дедуктивные системы | ||
| 852 | 41 | i | Расстановочный признак | Проверка 2022 |
| 901 | t | Тип документа | m | |
| 920 | a | Оператор | Семен | |
| a | Оператор | Петр | ||
| 930 | a | Новая/Ретро | ретро | |
| 952 | c | Вид литературы | К рн | |
| 954 | a | Дата поступления на обработку | 20060405 | |
| e | Дата перешифровки | 20220215 | ||
| 954 | a | Дата поступления на обработку | 20220706 |